[Event "Xtracon Skakligaen"]
[Site "Denmark"]
[Date "2016.11.20"]
[Round "3.5"]
[White "Andersen, Thomas Klitgaard"]
[Black "Wilbrandt, Simon Pil"]
[Result "0-1"]
[WhiteElo "2217"]
[BlackElo "2171"]
[PlyCount "62"]
[EventDate "2016.10.29"]
[EventType "team-tourn"]
[EventRounds "9"]
[EventCountry "DEN"]
[WhiteTeam "Nordre 1"]
[BlackTeam "Jetsmark 1"]
[WhiteTeamCountry "DEN"]
[BlackTeamCountry "DEN"]

1. d4 Nf6 2. c4 g6 3. Nc3 d5 4. cxd5 Nxd5 5. e4 Nxc3 6. bxc3 Bg7 7. Nf3 c5 8.
Be3 Qa5 9. Qd2 Nc6 10. Rb1 a6 11. Rc1 cxd4 12. cxd4 Qxd2+ 13. Kxd2 O-O 14. Bd3
f5 15. d5 fxe4 16. Bxe4 Ne5 17. Rc7 Bf5 18. Bxf5 Nxf3+ 19. gxf3 Rxf5 20. Rxb7
Rxd5+ 21. Ke2 Ra5 22. Rxe7 Rxa2+ 23. Kd3 Rd8+ 24. Kc4 Rc2+ 25. Kb3 Rc3+ 26. Ka2
Rd5 27. Re4 Ra5+ 28. Kb1 Rb5+ 29. Ka2 Rc2+ 30. Ka3 Bf8+ 31. Ka4 Ra2# 0-1

[Event "Xtracon Skakligaen"]
[Site "Denmark"]
[Date "2016.11.20"]
[Round "3.6"]
[White "Rathlev, Jakob"]
[Black "Hoiberg, Nina"]
[Result "0-1"]
[WhiteElo "2231"]
[BlackElo "2218"]
[PlyCount "75"]
[EventDate "2016.10.29"]
[EventType "team-tourn"]
[EventRounds "9"]
[EventCountry "DEN"]
[WhiteTeam "Jetsmark 1"]
[BlackTeam "Nordre 1"]
[WhiteTeamCountry "DEN"]
[BlackTeamCountry "DEN"]

1. Nf3 d6 2. d4 Nf6 3. b3 c6 4. Bb2 Bf5 5. e3 Nbd7 6. Bd3 Bg6 7. c4 Bxd3 8.
Qxd3 e5 9. Nc3 Be7 10. O-O O-O 11. Rfd1 Qc7 12. b4 Rfe8 13. Rac1 Bf8 14. Qc2 h6
15. h3 g6 16. a3 Bg7 17. dxe5 Nxe5 18. Nxe5 dxe5 19. c5 Rad8 20. Nb1 Rd5 21.
Nd2 Red8 22. Nc4 Ne8 23. e4 Rxd1+ 24. Rxd1 Rxd1+ 25. Qxd1 b6 26. cxb6 axb6 27.
a4 b5 28. Na5 Nd6 29. Qc2 bxa4 30. Qxa4 Nb5 31. Qc2 Nd4 32. Bxd4 exd4 33. Qxc6
Qf4 34. Qc2 Be5 35. Nc6 d3 36. Ne7+ Kg7 37. Qxd3 Qc1+ 38. Qf1 0-1

[Event "Xtracon Skakligaen"]
[Site "Denmark"]
[Date "2016.11.20"]
[Round "3.7"]
[White "Christensen, Jan Schleicher"]
[Black "Grubert, Christian"]
[Result "1-0"]
[WhiteElo "2179"]
[BlackElo "2166"]
[PlyCount "95"]
[EventDate "2016.10.29"]
[EventType "team-tourn"]
[EventRounds "9"]
[EventCountry "DEN"]
[WhiteTeam "Nordre 1"]
[BlackTeam "Jetsmark 1"]
[WhiteTeamCountry "DEN"]
[BlackTeamCountry "DEN"]

1. Nf3 g6 2. e4 c5 3. d4 cxd4 4. c3 Bg7 5. cxd4 d6 6. Nc3 Nf6 7. Be2 O-O 8. O-O
Bg4 9. Be3 Nbd7 10. Rc1 Qa5 11. h3 Bxf3 12. Bxf3 Rac8 13. Qb3 Rc7 14. Nb5 Rxc1
15. Rxc1 a6 16. Nc3 b5 17. a4 Rb8 18. axb5 axb5 19. Nd5 Nxd5 20. Qxd5 h6 21.
Qc6 Qd8 22. b4 Nf8 23. Be2 Rb6 24. Qc8 Qxc8 25. Rxc8 Rb7 26. Ra8 Kh7 27. e5
dxe5 28. dxe5 Ne6 29. f4 f6 30. Ra7 Rxa7 31. Bxa7 Nxf4 32. Bxb5 Nd5 33. Bc5
fxe5 34. Bc6 e6 35. Bd7 e4 36. Bxe6 Nf4 37. Bc4 Nd3 38. Bxd3 exd3 39. Kf2 Bc3
40. b5 Kg7 41. b6 Be5 42. Ke3 Kf7 43. Kxd3 Ke6 44. Ke4 Bb8 45. Be3 g5 46. g4
Bd6 47. Bd4 Bb8 48. b7 1-0

[Event "Xtracon Skakligaen"]
[Site "Denmark"]
[Date "2016.11.20"]
[Round "3.8"]
[White "Rasmussen, Henning Lau"]
[Black "Holst, Per"]
[Result "1-0"]
[WhiteElo "2154"]
[BlackElo "2085"]
[PlyCount "75"]
[EventDate "2016.10.29"]
[EventType "team-tourn"]
[EventRounds "9"]
[EventCountry "DEN"]
[WhiteTeam "Jetsmark 1"]
[BlackTeam "Nordre 1"]
[WhiteTeamCountry "DEN"]
[BlackTeamCountry "DEN"]

1. d4 e6 2. c4 Bb4+ 3. Nc3 c5 4. e3 Nc6 5. Nge2 cxd4 6. exd4 d5 7. c5 Nge7 8.
a3 Bxc3+ 9. Nxc3 Nf5 10. b4 Qh4 11. Nb5 O-O 12. g4 Nh6 13. Bf4 e5 14. Bg3 Qf6
15. h3 Nxd4 16. Nxd4 exd4 17. Be2 d3 18. Bf3 Qc3+ 19. Kf1 f5 20. Bxd5+ Kh8 21.
Bd6 Re8 22. g5 Ng8 23. Kg2 Be6 24. Qf3 Bxd5 25. Qxd5 Re2 26. Rhc1 Qb2 27. Qxd3
Rxf2+ 28. Kh1 Re8 29. Rcb1 Qe2 30. Qxe2 Rexe2 31. Rf1 Ra2 32. Rxa2 Rxa2 33. b5
Rc2 34. Rxf5 h6 35. h4 Kh7 36. Rf7 b6 37. c6 Kg6 38. Rxa7 1-0

[Event "Xtracon Skakligaen"]
[Site "Denmark"]
[Date "2016.11.20"]
[Round "3.1"]
[White "Andreasen, Henrik"]
[Black "Hector, Jonny"]
[Result "0-1"]
[WhiteElo "2215"]
[BlackElo "2513"]
[PlyCount "74"]
[EventDate "2016.10.29"]
[EventType "team-tourn"]
[EventRounds "9"]
[EventCountry "DEN"]
[WhiteTeam "K41 1"]
[BlackTeam "Nordkalotten 1"]
[WhiteTeamCountry "DEN"]
[BlackTeamCountry "DEN"]

1. d4 d5 2. c4 c6 3. Nf3 Nf6 4. Nc3 e6 5. Bg5 dxc4 6. e4 b5 7. e5 h6 8. Bh4 g5
9. Bg3 Nd5 10. Nd2 Bb7 11. Nde4 Nd7 12. h4 c5 13. Nxb5 Qa5+ 14. Nbc3 Nxc3 15.
Nxc3 O-O-O 16. Qa4 Qxa4 17. Nxa4 cxd4 18. Bxc4 Bxg2 19. Rh2 Bf3 20. a3 Bg7 21.
Rc1 Kb8 22. Be2 Bxe2 23. Kxe2 Bxe5 24. Nc5 Bxg3 25. Nxd7+ Rxd7 26. fxg3 Rg8 27.
hxg5 Rxg5 28. Kf3 h5 29. Kf4 Rgd5 30. Ke4 d3 31. Rd2 Rd4+ 32. Ke3 R7d5 33. Rf1
f5 34. Rh1 Rg4 35. Kf3 e5 36. Rxh5 e4+ 37. Kf2 Re5 0-1

[Event "Xtracon Skakligaen"]
[Site "Denmark"]
[Date "2016.11.20"]
[Round "3.3"]
[White "Larsen, Peter"]
[Black "Sylvan, Jacob"]
[Result "0-1"]
[WhiteElo "2251"]
[BlackElo "2371"]
[PlyCount "124"]
[EventDate "2016.10.29"]
[EventType "team-tourn"]
[EventRounds "9"]
[EventCountry "DEN"]
[WhiteTeam "K41 1"]
[BlackTeam "Nordkalotten 1"]
[WhiteTeamCountry "DEN"]
[BlackTeamCountry "DEN"]

1. e4 c5 2. Nc3 Nc6 3. Bb5 Nd4 4. Bc4 a6 5. Nf3 b5 6. Bd5 Rb8 7. Nxd4 cxd4 8.
Ne2 Nf6 9. Bb3 Nxe4 10. Nxd4 e6 11. c3 Bb7 12. Nf3 Ng5 13. Nh4 Qf6 14. Qg4 Qe5+
15. Qe2 Qf4 16. g3 Qf6 17. Rf1 Nf3+ 18. Nxf3 Bxf3 19. Qe3 Be7 20. d4 O-O 21.
Qf4 Rfc8 22. Qxf6 Bxf6 23. Bf4 Rb6 24. Kd2 d6 25. Rfc1 g5 26. Be3 d5 27. Bd1
Bxd1 28. Kxd1 b4 29. cxb4 Rxc1+ 30. Rxc1 Rxb4 31. Rc8+ Kg7 32. Kc2 Bxd4 33.
Bxd4+ Rxd4 34. b3 Rb4 35. Rc6 a5 36. a3 Rb8 37. Kc3 d4+ 38. Kc4 Rd8 39. Kd3 Rd5
40. Rc4 e5 41. Ke4 Rb5 42. b4 axb4 43. axb4 Kg6 44. Rc6+ f6 45. f4 exf4 46.
gxf4 d3 47. f5+ Rxf5 48. Kxd3 Rf2 49. Rc1 Rb2 50. Kc3 Rxh2 51. b5 Re2 52. b6
Re7 53. Kd4 h5 54. Rb1 Rb7 55. Ke4 h4 56. Rb2 h3 57. Kf3 f5 58. Kg3 g4 59. Rb1
Kh5 60. Rb2 f4+ 61. Kxf4 Kh4 62. Kf5 g3 0-1

[Event "Xtracon Skakligaen"]
[Site "Denmark"]
[Date "2016.11.20"]
[Round "3.4"]
[White "Kristensen, Kaare Hove"]
[Black "Clausen, Steen"]
[Result "1-0"]
[WhiteElo "2383"]
[BlackElo "2188"]
[PlyCount "50"]
[EventDate "2016.10.29"]
[EventType "team-tourn"]
[EventRounds "9"]
[EventCountry "DEN"]
[WhiteTeam "Nordkalotten 1"]
[BlackTeam "K41 1"]
[WhiteTeamCountry "DEN"]
[BlackTeamCountry "DEN"]

1. e4 c5 2. Nf3 d6 3. d4 cxd4 4. Nxd4 Nf6 5. Nc3 a6 6. Bg5 e6 7. f4 Be7 8. Qf3
Qc7 9. O-O-O Nc6 10. Nxc6 Qxc6 11. Bd3 Bd7 12. Qg3 h6 13. Bh4 g5 14. fxg5 Rg8
15. e5 Nh5 16. Qg4 hxg5 17. exd6 Nf6 18. Qe2 Bxd6 19. Bg3 Bxg3 20. hxg3 Qc5 21.
Rhf1 Nd5 22. Nxd5 Qxd5 23. Bg6 Qb5 24. Bxf7+ Ke7 25. Qd2 Rgc8 1-0

[Event "Xtracon Skakligaen"]
[Site "Denmark"]
[Date "2016.11.20"]
[Round "3.5"]
[White "Larsen, Flemming Bo"]
[Black "Hove, Esben Kjems"]
[Result "0-1"]
[WhiteElo "2178"]
[BlackElo "2267"]
[PlyCount "120"]
[EventDate "2016.10.29"]
[EventType "team-tourn"]
[EventRounds "9"]
[EventCountry "DEN"]
[WhiteTeam "K41 1"]
[BlackTeam "Nordkalotten 1"]
[WhiteTeamCountry "DEN"]
[BlackTeamCountry "DEN"]

1. Nf3 d5 2. g3 c6 3. Bg2 Bg4 4. d3 Nd7 5. Nbd2 Ngf6 6. O-O e5 7. e4 dxe4 8.
dxe4 Qc7 9. h3 Bh5 10. Qe2 Be7 11. b3 Nc5 12. Bb2 Nfd7 13. Rfe1 f6 14. a4 O-O
15. Ba3 Rfe8 16. Qe3 Ne6 17. Bxe7 Rxe7 18. Bf1 Kh8 19. c3 a5 20. Nh4 Ndc5 21.
Bc4 b6 22. Nf5 Ree8 23. f3 Bg6 24. Kg2 Qb8 25. Red1 Qc7 26. Re1 Nb7 27. Red1
Nec5 28. Rab1 Red8 29. Qe2 Rd7 30. Nf1 Bxf5 31. exf5 Rad8 32. Ne3 Nd6 33. h4 h6
34. Ra1 Nxc4 35. Qxc4 Rd2+ 36. Kh3 R2d3 37. Rxd3 Rxd3 38. Re1 Qd7 39. Re2 Kh7
40. Kg2 Rd2 41. Kf2 Qd3 42. Qxd3 Nxd3+ 43. Kf1 Rxe2 44. Kxe2 Nc1+ 45. Kd1 Nxb3
46. Nc4 b5 47. axb5 cxb5 48. Na3 b4 49. Kc2 Nc5 50. Nc4 b3+ 51. Kb2 a4 52. Nb6
Kg8 53. Nxa4 Nxa4+ 54. Kxb3 Nb6 55. c4 Kf8 56. Kb4 Ke7 57. Kc5 Nc8 58. g4 Kd7
59. Kd5 Ne7+ 60. Ke4 Kd6 0-1

[Event "Xtracon Skakligaen"]
[Site "Denmark"]
[Date "2016.11.20"]
[Round "3.6"]
[White "Pedersen, Daniel Vesterbaek"]
[Black "Christensen, Bo Garner"]
[Result "1/2-1/2"]
[WhiteElo "2245"]
[BlackElo "2137"]
[PlyCount "87"]
[EventDate "2016.10.29"]
[EventType "team-tourn"]
[EventRounds "9"]
[EventCountry "DEN"]
[WhiteTeam "Nordkalotten 1"]
[BlackTeam "K41 1"]
[WhiteTeamCountry "DEN"]
[BlackTeamCountry "DEN"]

1. e4 c5 2. c3 e5 3. Nf3 d6 4. Bc4 Qc7 5. Ng5 Nh6 6. O-O Be7 7. d3 Nc6 8. f4
Bg4 9. Qe1 a6 10. f5 Nd8 11. a4 f6 12. Ne6 Nxe6 13. Bxe6 g5 14. Nd2 Bh5 15. Nc4
Bf7 16. Ne3 O-O 17. Nd5 Qd8 18. Bd2 Kh8 19. Ra3 Rb8 20. h4 Bxe6 21. fxe6 Rg8
22. hxg5 fxg5 23. Qe2 Qe8 24. d4 Bd8 25. Nf6 Bxf6 26. Rxf6 Rg6 27. Rxg6 Qxg6
28. d5 c4 29. b3 g4 30. bxc4 g3 31. c5 Ng4 32. Qf3 Nf2 33. cxd6 Nxe4 34. e7 Kg7
35. d7 Nxd2 36. Qf8+ Rxf8 37. exf8=Q+ Kxf8 38. d8=Q+ Kf7 39. Qd7+ Kf8 40. Qc8+
Kg7 41. Qxb7+ Kf8 42. Qc8+ Kg7 43. Qb7+ Kf8 44. Qc8+ 1/2-1/2

[Event "Xtracon Skakligaen"]
[Site "Denmark"]
[Date "2016.11.20"]
[Round "3.7"]
[White "Kragh, Niels Kristian"]
[Black "Jakobsen, Peter"]
[Result "0-1"]
[WhiteElo "2134"]
[BlackElo "2201"]
[PlyCount "88"]
[EventDate "2016.10.29"]
[EventType "team-tourn"]
[EventRounds "9"]
[EventCountry "DEN"]
[WhiteTeam "K41 1"]
[BlackTeam "Nordkalotten 1"]
[WhiteTeamCountry "DEN"]
[BlackTeamCountry "DEN"]

1. e4 c5 2. Nf3 d6 3. d4 cxd4 4. Nxd4 Nf6 5. Nc3 e6 6. Be3 a6 7. f3 b5 8. Qd2
Nbd7 9. O-O-O Bb7 10. g4 Nb6 11. Qf2 Nfd7 12. Kb1 Rc8 13. Bd3 Rxc3 14. bxc3 Qc7
15. Bd2 Be7 16. g5 Na4 17. Ne2 Ndc5 18. h4 d5 19. Qd4 e5 20. Qe3 Ne6 21. Qg1
Bc5 22. Qg4 d4 23. c4 Bd6 24. cxb5 Bc8 25. Qg3 O-O 26. Ka1 axb5 27. Rb1 Bd7 28.
Qe1 Nf4 29. Nxf4 exf4 30. h5 Be5 31. Bb4 Ra8 32. Rb3 Be6 33. Ra3 Rc8 34. Kb1
Nc3+ 35. Bxc3 dxc3 36. Qe2 Qc5 37. Rb3 Bxb3 38. cxb3 Rd8 39. Qc2 Qe3 40. Be2
Rd2 41. Rd1 Qxe2 42. Rxd2 Qxd2 43. Qxd2 cxd2 44. Kc2 Bc3 0-1

[Event "Xtracon Skakligaen"]
[Site "Denmark"]
[Date "2016.11.20"]
[Round "3.8"]
[White "Ejsing, Esben"]
[Black "Petersen, Flemming Petri"]
[Result "1-0"]
[WhiteElo "2203"]
[BlackElo "2083"]
[PlyCount "93"]
[EventDate "2016.10.29"]
[EventType "team-tourn"]
[EventRounds "9"]
[EventCountry "DEN"]
[WhiteTeam "Nordkalotten 1"]
[BlackTeam "K41 1"]
[WhiteTeamCountry "DEN"]
[BlackTeamCountry "DEN"]

1. c4 e5 2. Nc3 Nf6 3. g3 d5 4. cxd5 Nxd5 5. Bg2 Be6 6. Nf3 Nc6 7. O-O Be7 8.
d3 O-O 9. Bd2 f5 10. a3 Bf6 11. Na4 Qe7 12. Qc2 Nd4 13. Nxd4 exd4 14. Nc5 Bf7
15. Bf3 g5 16. Nxb7 h5 17. Qc6 Qe5 18. Nc5 Nb6 19. Rac1 h4 20. Rfe1 hxg3 21.
hxg3 Rab8 22. b4 Be7 23. Qh6 Qg7 24. Qxg7+ Kxg7 25. Na6 Rbc8 26. Bb7 Rcd8 27.
Nxc7 Rd7 28. Ba6 Nd5 29. Nxd5 Bxd5 30. Bc4 Ba8 31. f3 g4 32. Kf2 Bf6 33. Be6
Re7 34. Bxf5 Rh8 35. Be4 Bxe4 36. dxe4 d3 37. Rh1 Rxh1 38. Rxh1 Rc7 39. f4 Rc2
40. Ke3 dxe2 41. e5 Bd8 42. Kxe2 a5 43. Ke3 Ra2 44. bxa5 Rxa3+ 45. Ke4 Rxg3 46.
Ra1 Rb3 47. a6 1-0

[Event "Xtracon Skakligaen"]
[Site "Denmark"]
[Date "2016.11.20"]
[Round "3.1"]
[White "Ochsner, Bjorn Moller"]
[Black "Glud, Jakob Vang"]
[Result "1/2-1/2"]
[WhiteElo "2428"]
[BlackElo "2517"]
[PlyCount "97"]
[EventDate "2016.10.29"]
[EventType "team-tourn"]
[EventRounds "9"]
[EventCountry "DEN"]
[WhiteTeam "Aarhus/Skolerne 1"]
[BlackTeam "Philidor 1"]
[WhiteTeamCountry "DEN"]
[BlackTeamCountry "DEN"]

1. e4 e5 2. Nf3 Nc6 3. Bb5 a6 4. Ba4 Nge7 5. c3 g6 6. d4 exd4 7. cxd4 Bg7 8. d5
b5 9. Bc2 Na5 10. Bd2 Nc4 11. Bc3 Bxc3+ 12. Nxc3 d6 13. a4 Bd7 14. Qd4 O-O 15.
b3 Nb6 16. a5 Nbc8 17. b4 c6 18. O-O Qc7 19. Rfe1 c5 20. bxc5 Qxc5 21. Qxc5
dxc5 22. e5 b4 23. Ne4 Nxd5 24. Rad1 Be6 25. Nxc5 Nce7 26. Nxe6 fxe6 27. Ng5
Rac8 28. Bb3 Rc3 29. Rb1 Rc6 30. Ba4 Rc3 31. Nxe6 Rb8 32. Bb3 Rb5 33. g3 Rxa5
34. Nf4 Rxb3 35. Rxb3 Nxf4 36. gxf4 Rb5 37. Rd3 a5 38. Rd8+ Kg7 39. Rd7 Kf8 40.
Rd8+ Kg7 41. Rc1 b3 42. Rc7 Kf7 43. Rdd7 b2 44. Rxe7+ Kf8 45. Rf7+ Kg8 46. Rg7+
Kf8 47. Rgf7+ Kg8 48. Rg7+ Kf8 49. Rgf7+ 1/2-1/2

[Event "Xtracon Skakligaen"]
[Site "Denmark"]
[Date "2016.11.20"]
[Round "3.2"]
[White "Bekker Jensen, Simon"]
[Black "Sorensen, Jan"]
[Result "1-0"]
[WhiteElo "2466"]
[BlackElo "2423"]
[PlyCount "63"]
[EventDate "2016.10.29"]
[EventType "team-tourn"]
[EventRounds "9"]
[EventCountry "DEN"]
[WhiteTeam "Philidor 1"]
[BlackTeam "Aarhus/Skolerne 1"]
[WhiteTeamCountry "DEN"]
[BlackTeamCountry "DEN"]

1. d4 Nf6 2. c4 e6 3. Nc3 Bb4 4. e3 b6 5. Nge2 Ba6 6. Ng3 h5 7. h4 Bb7 8. Bd3
Bxg2 9. Rg1 Bb7 10. e4 Nc6 11. d5 Ne5 12. Be2 Nfg4 13. Bg5 f6 14. Bd2 Bc5 15.
Rf1 Qe7 16. Nb5 O-O 17. Nxh5 f5 18. Bg5 Qe8 19. Nf4 c6 20. Nc3 exd5 21. cxd5
Kh8 22. d6 Nxf2 23. Rxf2 Bxf2+ 24. Kxf2 fxe4 25. Kg3 c5 26. Bh5 g6 27. Bxg6
Nxg6 28. Qh5+ Kg8 29. Nxg6 Rf3+ 30. Kh2 Qe6 31. Qh8+ Kf7 32. Ne5+ 1-0

[Event "Xtracon Skakligaen"]
[Site "Denmark"]
[Date "2016.11.20"]
[Round "3.3"]
[White "Skytte, Rasmus"]
[Black "Mikkelsen, Nikolaj"]
[Result "1/2-1/2"]
[WhiteElo "2398"]
[BlackElo "2463"]
[PlyCount "76"]
[EventDate "2016.10.29"]
[EventType "team-tourn"]
[EventRounds "9"]
[EventCountry "DEN"]
[WhiteTeam "Aarhus/Skolerne 1"]
[BlackTeam "Philidor 1"]
[WhiteTeamCountry "DEN"]
[BlackTeamCountry "DEN"]

1. d4 Nf6 2. Nf3 g6 3. Nbd2 Bg7 4. e4 d6 5. Bc4 O-O 6. O-O c6 7. Bb3 Nbd7 8.
Re1 Nh5 9. c3 c5 10. a4 cxd4 11. cxd4 Nb8 12. h3 Nc6 13. Nc4 Nf6 14. e5 dxe5
15. Ncxe5 Nb4 16. Ng5 Nbd5 17. Qf3 e6 18. Ne4 Nxe4 19. Qxe4 b6 20. Nc6 Qd7 21.
Bxd5 exd5 22. Qxd5 Qxd5 23. Ne7+ Kh8 24. Nxd5 Bxd4 25. Nc7 Rb8 26. Nb5 Bg7 27.
Nxa7 Bf5 28. Nb5 Rbe8 29. Rxe8 Rxe8 30. Be3 Bxb2 31. Ra2 Be5 32. Bxb6 Rc8 33.
Be3 Be6 34. Re2 Rc4 35. Bg5 Bg7 36. Rd2 h6 37. Be3 Rxa4 38. Bd4 Rb4 1/2-1/2

[Event "Xtracon Skakligaen"]
[Site "Denmark"]
[Date "2016.11.20"]
[Round "3.5"]
[White "Ochsner, Thomas"]
[Black "Skovgaard, Peter Nicolai"]
[Result "1-0"]
[WhiteElo "2309"]
[BlackElo "2302"]
[PlyCount "101"]
[EventDate "2016.10.29"]
[EventType "team-tourn"]
[EventRounds "9"]
[EventCountry "DEN"]
[WhiteTeam "Aarhus/Skolerne 1"]
[BlackTeam "Philidor 1"]
[WhiteTeamCountry "DEN"]
[BlackTeamCountry "DEN"]

1. e4 c5 2. Nf3 d6 3. c3 Nf6 4. Bd3 Nc6 5. O-O g6 6. Re1 Bg7 7. h3 O-O 8. Bc2
Ne8 9. d3 b5 10. Bg5 b4 11. d4 bxc3 12. bxc3 cxd4 13. cxd4 h6 14. Be3 Kh7 15.
Nbd2 Nc7 16. Rb1 a5 17. a3 Ba6 18. d5 Ne5 19. Nxe5 Bxe5 20. Bb6 Qc8 21. Ba4 Rb8
22. Bxa5 Nb5 23. Rc1 Qb7 24. Nc4 Nd4 25. Nb6 Qa7 26. Nd7 Ne2+ 27. Rxe2 Bxe2 28.
Nxf8+ Rxf8 29. Qe1 Bd3 30. Bc6 Bxe4 31. Bb4 f5 32. a4 Rb8 33. a5 Bd4 34. Rc4
Bd3 35. Rxd4 Qxd4 36. Qxe7+ Qg7 37. Bxd6 Rb1+ 38. Kh2 Rd1 39. Qe6 Qa1 40. Be5
Rh1+ 41. Kg3 f4+ 42. Bxf4 Bf5 43. Qe7+ Kg8 44. Qe8+ Kh7 45. d6 Qc3+ 46. Be3 Rd1
47. Qe7+ Kg8 48. Qe8+ Kh7 49. a6 h5 50. a7 h4+ 51. Kh2 1-0

[Event "Xtracon Skakligaen"]
[Site "Denmark"]
[Date "2016.11.20"]
[Round "3.6"]
[White "Hovmoller, Kristian"]
[Black "Rendboe, John Filip"]
[Result "1/2-1/2"]
[WhiteElo "2289"]
[BlackElo "2160"]
[PlyCount "176"]
[EventDate "2016.10.29"]
[EventType "team-tourn"]
[EventRounds "9"]
[EventCountry "DEN"]
[WhiteTeam "Philidor 1"]
[BlackTeam "Aarhus/Skolerne 1"]
[WhiteTeamCountry "DEN"]
[BlackTeamCountry "DEN"]

1. d4 d5 2. c4 e6 3. Nf3 Nf6 4. g3 Bb4+ 5. Bd2 Bxd2+ 6. Nbxd2 b6 7. Bg2 Bb7 8.
O-O O-O 9. Rc1 Ne4 10. Ne5 Nd7 11. cxd5 exd5 12. Nxe4 dxe4 13. Qc2 Nxe5 14.
dxe5 Qd5 15. Rfd1 Qxa2 16. Qxc7 Bd5 17. Qc3 a5 18. Qd4 Be6 19. Bxe4 Rab8 20. f4
g6 21. Rc6 b5 22. Bb1 Qb3 23. e4 Bc4 24. f5 a4 25. Qd2 Qf3 26. Re1 Rbd8 27. Rd6
Rde8 28. Qh6 Qh5 29. Qxh5 gxh5 30. Rd5 Re7 31. Bd3 Bxd3 32. Rxd3 Rxe5 33. Kf2
Rfe8 34. Rde3 b4 35. Kf3 f6 36. Rc1 Ra5 37. Rd3 a3 38. Ra1 Rea8 39. Ra2 Kf7 40.
Rd7+ Ke8 41. Rb7 axb2 42. Rxb2 Ra3+ 43. Kg2 Re3 44. R7xb4 Kf8 45. Kh3 Re8 46.
Kh4 R3xe4+ 47. Rxe4 Rxe4+ 48. Kxh5 Re5 49. g4 Re3 50. h4 Rh3 51. Rb8+ Kg7 52.
Rb7+ Kg8 53. g5 fxg5 54. Kxg5 Rc3 55. Re7 Rc6 56. Re6 Rc4 57. Kf6 Rc8 58. Ra6
Rf8+ 59. Kg5 Kg7 60. f6+ Kg8 61. Ra7 Rb8 62. Rg7+ Kf8 63. Rxh7 Rb1 64. Ra7 Rg1+
65. Kf5 Rf1+ 66. Kg6 Rg1+ 67. Kh6 Rf1 68. Kg5 Rg1+ 69. Kh6 Rf1 70. Kg6 Rg1+ 71.
Kh7 Rf1 72. Ra8+ Kf7 73. h5 Rxf6 74. h6 Rf1 75. Ra2 Rf6 76. Ra7+ Kf8 77. Rg7
Rd6 78. Rg8+ Kf7 79. Rg1 Rf6 80. Rh1 Kf8 81. Kh8 Rf2 82. Rh3 Rf7 83. Rh5 Rf6
84. h7 Kf7 85. Rg5 Rf1 86. Rg7+ Kf8 87. Rg8+ Kf7 88. Rf8+ Kxf8 1/2-1/2

[Event "Xtracon Skakligaen"]
[Site "Denmark"]
[Date "2016.11.20"]
[Round "3.7"]
[White "Jensen, Jacob Bjerre"]
[Black "Brorsen, Jacob Abildlund"]
[Result "1/2-1/2"]
[WhiteElo "2155"]
[BlackElo "2144"]
[PlyCount "111"]
[EventDate "2016.10.29"]
[EventType "team-tourn"]
[EventRounds "9"]
[EventCountry "DEN"]
[WhiteTeam "Aarhus/Skolerne 1"]
[BlackTeam "Philidor 1"]
[WhiteTeamCountry "DEN"]
[BlackTeamCountry "DEN"]

1. d4 Nf6 2. c4 g6 3. Nc3 d5 4. cxd5 Nxd5 5. e4 Nxc3 6. bxc3 Bg7 7. Bc4 c5 8.
Ne2 O-O 9. O-O cxd4 10. cxd4 Nc6 11. Be3 Bg4 12. f3 Bd7 13. Rb1 Rc8 14. Bd3 Na5
15. d5 b6 16. Ba6 Rc7 17. Bf4 Rc5 18. Qd3 Bc8 19. Rfc1 Bxa6 20. Qxa6 Rxc1+ 21.
Rxc1 Qd7 22. h3 f5 23. Rc7 Qa4 24. Rxe7 fxe4 25. Rxg7+ Kxg7 26. Qxa7+ Kf6 27.
Qxb6+ Kg7 28. Qc7+ Rf7 29. Qe5+ Kg8 30. Bh6 Qb5 31. Qxe4 Qc5+ 32. Kh1 Re7 33.
Qd3 Nc4 34. Bg5 Re5 35. d6 Nxd6 36. Bf4 Rd5 37. Qb3 Kg7 38. Qb2+ Kg8 39. Bh6
Nf5 40. Qb3 Qb5 41. Bf4 Qxb3 42. axb3 Rd1+ 43. Kh2 Rb1 44. Nc1 Kf7 45. Nd3 Rxb3
46. Ne5+ Ke6 47. Ng4 Rb2 48. Bg5 Ra2 49. Ne3 Nd4 50. Kg3 Ne2+ 51. Kh2 Ke5 52.
Bh6 Kf6 53. h4 Nd4 54. Kh3 Ne6 55. Ng4+ Kf7 56. Ne5+ 1/2-1/2

[Event "Xtracon Skakligaen"]
[Site "Denmark"]
[Date "2017.01.07"]
[Round "4.1"]
[White "Matthiesen, Arne"]
[Black "Hillarp Persson, Tiger"]
[Result "0-1"]
[WhiteElo "2325"]
[BlackElo "2513"]
[PlyCount "80"]
[EventDate "2016.10.29"]
[EventType "team-tourn"]
[EventRounds "9"]
[EventCountry "DEN"]
[WhiteTeam "SK 68 1"]
[BlackTeam "Bronshoj 1"]
[WhiteTeamCountry "DEN"]
[BlackTeamCountry "DEN"]

1. d4 g6 2. Nf3 Bg7 3. c4 Nf6 4. Nc3 O-O 5. e4 d6 6. Be2 c5 7. O-O cxd4 8. Nxd4
Nc6 9. Be3 Bd7 10. Qd2 Nxd4 11. Bxd4 Bc6 12. f3 a5 13. b3 Nd7 14. Bf2 Nc5 15.
Rab1 Qc7 16. Rfc1 Rfc8 17. Bd1 Qd8 18. a3 Nd7 19. Be2 h5 20. Rc2 Kh7 21. Nd5 e6
22. Nf4 Nc5 23. b4 axb4 24. axb4 Na4 25. Nd3 b5 26. c5 d5 27. exd5 Qxd5 28. Be3
Rd8 29. Nf2 Nc3 30. Qxd5 Bxd5 31. Rbc1 Nxe2+ 32. Rxe2 Ra4 33. Rd2 Rxb4 34. Ne4
Rc4 35. Rb1 Bxe4 36. fxe4 Rxd2 37. Bxd2 Rxc5 38. Be3 Re5 39. Kf2 Rxe4 40. Rxb5
Bd4 0-1

[Event "Xtracon Skakligaen"]
[Site "Denmark"]
[Date "2017.01.07"]
[Round "4.3"]
[White "Hansen, Lars"]
[Black "Aabling Thomsen, Jakob"]
[Result "0-1"]
[WhiteElo "2270"]
[BlackElo "2380"]
[PlyCount "88"]
[EventDate "2016.10.29"]
[EventType "team-tourn"]
[EventRounds "9"]
[EventCountry "DEN"]
[WhiteTeam "SK 68 1"]
[BlackTeam "Bronshoj 1"]
[WhiteTeamCountry "DEN"]
[BlackTeamCountry "DEN"]

1. d4 f5 2. Nc3 Nf6 3. Bg5 g6 4. h4 d5 5. e3 Be6 6. Bd3 Nbd7 7. h5 Rg8 8. hxg6
hxg6 9. Nf3 c6 10. Bf4 Bg7 11. Qe2 Qa5 12. Ng5 Nf8 13. a3 Ne4 14. Bxe4 dxe4 15.
Nxe6 Nxe6 16. Qc4 Kd7 17. b4 Qa6 18. Qxa6 bxa6 19. Na4 a5 20. Nc5+ Nxc5 21.
bxc5 g5 22. Bg3 Raf8 23. f4 exf3 24. gxf3 f4 25. exf4 gxf4 26. Bf2 Rb8 27. Kd2
Bf6 28. Rab1 Rxb1 29. Rxb1 Rg2 30. Ke1 Bh4 31. Rb7+ Kc8 32. Bxh4 Kxb7 33. Bxe7
Rxc2 34. Bd6 Rc3 35. Ke2 Re3+ 36. Kf2 Rxa3 37. Bxf4 a4 38. Be5 Ra2+ 39. Ke3 a3
40. f4 Rb2 41. d5 cxd5 42. f5 Kc6 43. f6 Rb7 44. Bd4 a2 0-1

[Event "Xtracon Skakligaen"]
[Site "Denmark"]
[Date "2017.01.07"]
[Round "4.4"]
[White "Hoi, Carsten"]
[Black "Bank, Pelle Rodkjaer"]
[Result "0-1"]
[WhiteElo "2382"]
[BlackElo "2256"]
[PlyCount "48"]
[EventDate "2016.10.29"]
[EventType "team-tourn"]
[EventRounds "9"]
[EventCountry "DEN"]
[WhiteTeam "Bronshoj 1"]
[BlackTeam "SK 68 1"]
[WhiteTeamCountry "DEN"]
[BlackTeamCountry "DEN"]

1. d4 e6 2. c4 b6 3. Nc3 Bb7 4. a3 f5 5. d5 Nf6 6. g3 Na6 7. Bg2 Nc5 8. Nh3 Bd6
9. O-O O-O 10. Nb5 Be5 11. f4 Bd6 12. b4 Nce4 13. Bb2 exd5 14. Nxd6 cxd6 15.
cxd5 Rc8 16. Qd3 Qe7 17. Rfd1 h6 18. Rac1 Rfe8 19. Rxc8 Rxc8 20. Bxf6 Nxf6 21.
Nf2 Re8 22. Bf3 Qe3 23. Qxf5 Ba6 24. Re1 Qxf3 0-1

[Event "Xtracon Skakligaen"]
[Site "Denmark"]
[Date "2017.01.07"]
[Round "4.5"]
[White "Rewitz, Poul"]
[Black "Bromann, Thorbjorn"]
[Result "1-0"]
[WhiteElo "2215"]
[BlackElo "2421"]
[PlyCount "75"]
[EventDate "2016.10.29"]
[EventType "team-tourn"]
[EventRounds "9"]
[EventCountry "DEN"]
[WhiteTeam "SK 68 1"]
[BlackTeam "Bronshoj 1"]
[WhiteTeamCountry "DEN"]
[BlackTeamCountry "DEN"]

1. g3 e5 2. Bg2 d5 3. c3 c6 4. d4 e4 5. f3 f5 6. Nh3 Be7 7. fxe4 fxe4 8. c4 Nf6
9. Nc3 O-O 10. O-O Kh8 11. Bg5 Be6 12. e3 Nbd7 13. cxd5 cxd5 14. Nf4 Bf7 15.
Bh3 Ng8 16. Bxe7 Nxe7 17. Rc1 Nb6 18. Qe2 a6 19. Rf2 Qd6 20. Rcf1 Kg8 21. Qg4
Rfe8 22. Ne6 Bg6 23. b3 Kh8 24. Ne2 Rac8 25. N2f4 Rg8 26. Qg5 Rce8 27. Nc5 h6
28. Qh4 Bf5 29. Nxb7 Qf6 30. Qxf6 gxf6 31. Nd6 Bxh3 32. Nxh3 Rb8 33. Rxf6 Ng6
34. Nf4 Kh7 35. Nh5 Rgf8 36. Rf7+ Kh8 37. Rg7 Rxf1+ 38. Kxf1 1-0